[Event "AUTO-MASTER-2616"]
[Site "http://www.queenalice.com/game.php?id=1485935"]
[Date "2017.7.13"]
[Round "1"]
[White "rybak"]
[Black "Tonto"]
[Result "1-0"]
[WhiteElo "1982"]
[BlackElo "1962"]

1. e4 e5 2. f4 Nf6 3. fxe5 Nxe4 4. Nf3 Nc6 5. d4 d6 6. Bc4 d5 7. Bb3 Bg4 8. O-O
Nxd4 9. Be3 Bxf3 10. Rxf3 Nxb3 11. axb3 c5 12. Nc3 Nxc3 13. bxc3 b5 14. Qd3 a6
15. Qf5 Qd7 16. Qxd7+ Kxd7 17. Rxf7+ Ke6 18. Rc7 Kxe5 19. Re1 Kf5 20. Rc6 Be7
21. Rf1+ Kg4 22. h3+ Kh5 23. Rf5+ g5 24. g4+ Kh4 25. Kh2 1-0

[Event "AUTO-MASTER-2616"]
[Site "http://www.queenalice.com/game.php?id=1485936"]
[Date "2017.7.13"]
[Round "1"]
[White "Tonto"]
[Black "rybak"]
[Result "0-1"]
[WhiteElo "1931"]
[BlackElo "1988"]

1. e4 c5 2. c4 Nc6 3. Nf3 d6 4. h3 Nf6 5. d3 g6 6. Bd2 Bg7 7. Bc3 O-O 8. Be2 e6
9. e5 dxe5 10. Nxe5 Nd4 11. Na3 Qd6 12. Bxd4 cxd4 13. Nf3 a6 14. Qd2 Nh5 15. Ng5
Nf4 16. Ne4 Qc7 17. Bf3 e5 18. Nc2 Bd7 19. Nb4 a5 20. Nd5 Nxd5 21. cxd5 Rac8 22.
O-O f5 23. Rac1 Qb6 24. Ng3 Qa6 25. b3 b5 26. Rxc8 Rxc8 27. Ne2 b4 28. Rc1 Rxc1+
29. Qxc1 Qc8 30. Qxc8+ Bxc8 31. Ng3 Ba6 32. Be2 Kf7 33. Nf1 Bh6 34. g4 Bf4 35.
Kg2 e4 36. Ng3 Bxg3 37. Kxg3 Bxd3 38. Bxd3 exd3 39. Kf3 Ke7 40. g5 Kd6 41. h4
Kxd5 0-1

[Event "AUTO-MASTER-2616"]
[Site "http://www.queenalice.com/game.php?id=1485937"]
[Date "2017.7.13"]
[Round "1"]
[White "rybak"]
[Black "madriles"]
[Result "1-0"]
[WhiteElo "2110"]
[BlackElo "2014"]

1. d4 Nf6 2. c4 g6 3. Nc3 Bg7 4. e4 d6 5. Nf3 O-O 6. Be2 e6 7. O-O c6 8. Bg5 Qb6
9. Qc2 h6 10. Bf4 Rd8 11. Na4 Qc7 12. c5 Ne8 13. Qd2 Qe7 14. Bxh6 dxc5 15. Bxg7
Kxg7 16. Nxc5 b6 17. Nd3 c5 18. Qc3 cxd4 19. Nxd4 Nf6 20. Nf3 Kg8 21. Ng5 Bb7
22. Bf3 Na6 23. Ne5 Nc5 24. Nexf7 Rd3 25. Qc2 Nfxe4 26. Bxe4 Bxe4 27. Nh6+ Kg7
28. Nxe4 Rad8 29. Nxc5 bxc5 30. Ng4 Qg5 31. h3 Rd2 32. Qc3+ Kf8 33. Rae1 Re8 34.
Qh8+ Ke7 35. Rxe6+ 1-0

[Event "AUTO-MASTER-2616"]
[Site "http://www.queenalice.com/game.php?id=1485938"]
[Date "2017.7.13"]
[Round "1"]
[White "madriles"]
[Black "rybak"]
[Result "0-1"]
[WhiteElo "2020"]
[BlackElo "2117"]

1. d4 Nf6 2. c4 g6 3. Nc3 d5 4. Bg5 Ne4 5. Nxe4 dxe4 6. e3 Bg7 7. Qc2 Bf5 8. h3
h5 9. O-O-O Nc6 10. a3 f6 11. Bf4 g5 12. Bh2 Qd7 13. Ne2 Bg6 14. Nc3 f5 15. Nd5
O-O 16. Nxc7 Rac8 17. Nd5 b5 18. Nc3 bxc4 19. Bxc4+ Kh7 20. g4 Nxd4 21. exd4
Rxc4 22. Be5 Rfc8 23. Kb1 Qb7 24. Ka1 f4 25. Bxg7 Kxg7 26. Qd2 h4 27. Rhe1 Qb3
28. Nd5 Rc2 29. Qb4 Qxd5 30. Qxe7+ Bf7 31. b3 Ra2+ 0-1

[Event "AUTO-MASTER-2625"]
[Site "http://www.queenalice.com/game.php?id=1489470"]
[Date "2017.8.9"]
[Round "1"]
[White "betofortaleza"]
[Black "rybak"]
[Result "0-1"]
[WhiteElo "1882"]
[BlackElo "2079"]

1. e4 e5 2. Nf3 Nc6 3. d4 exd4 4. Nxd4 Bc5 5. Be3 Qf6 6. c3 Nge7 7. Bb5 a6 8.
Bxc6 Nxc6 9. O-O O-O 10. b4 Ba7 11. Nd2 Nxb4 12. cxb4 Bxd4 13. Bxd4 Qxd4 14. a3
d6 15. Nf3 Qxe4 16. Re1 Qg6 17. Re7 Bh3 18. g3 Bg4 19. Rxc7 Rfc8 20. Rac1 Rxc7
21. Rxc7 Qf6 22. Kg2 b5 23. h3 Be6 24. Qd3 Qd8 25. Rc6 d5 26. Qd4 Qd7 27. Rc5
Bxh3+ 28. Kh2 Be6 29. Qd3 Rd8 30. Ne5 Qd6 31. Qd4 Rc8 32. Rxc8+ Bxc8 33. Nd3
Qh6+ 34. Kg1 Qd6 35. Nc5 f6 36. Ne4 Qe5 37. Qxe5 fxe5 38. Nc5 Kf7 39. Kg2 e4 40.
Kf1 Kf6 41. Ke2 Ke5 42. Ke3 d4+ 43. Kd2 g5 44. Nb3 h5 45. Nc1 h4 46. gxh4 gxh4
47. Ke1 h3 48. Kf1 d3 0-1

[Event "AUTO-MASTER-2625"]
[Site "http://www.queenalice.com/game.php?id=1489471"]
[Date "2017.8.9"]
[Round "1"]
[White "rybak"]
[Black "betofortaleza"]
[Result "1-0"]
[WhiteElo "2070"]
[BlackElo "1891"]

1. d4 c5 2. d5 d6 3. e4 g6 4. Bg5 f6 5. Bd2 Bh6 6. Nf3 Bg4 7. Be2 Qb6 8. Bc3 Nd7
9. O-O Ne5 10. Na3 a6 11. Nxe5 Bxe2 12. Qxe2 fxe5 13. Nc4 Qc7 14. Ba5 b6 15.
Bxb6 Qc8 16. Na5 Rb8 17. Ba7 Rb5 18. Nc6 Qb7 19. b3 Nf6 20. c4 Rb4 21. Nxb4 Qxb4
22. a4 Qb7 23. Bxc5 dxc5 24. Rab1 Qb4 25. Rfd1 O-O 26. Rd3 Rd8 27. Rbd1 Rd6 28.
Qb2 Nd7 29. Rf3 Bg7 30. Qc1 Rf6 31. Rh3 Rf4 32. Qe3 Rf6 33. g4 Qa3 34. g5 Rb6
35. Rd3 Rd6 36. Qg3 Qc1+ 37. Kg2 Qb1 38. Qh4 h5 39. gxh6 Bf6 40. Qg4 Kh7 41.
Rdg3 Bh8 42. Rh5 Nf8 43. Rg5 Rf6 44. Rf3 Qe1 45. Rxe5 Rxf3 46. Rxe7+ Kg8 47.
Qxf3 1-0

[Event "AUTO-MASTER-2625"]
[Site "http://www.queenalice.com/game.php?id=1489486"]
[Date "2017.8.9"]
[Round "1"]
[White "rybak"]
[Black "atbn"]
[Result "1-0"]
[WhiteElo "2087"]
[BlackElo "1989"]

1. e4 e5 2. f4 exf4 3. Nf3 d6 4. Bc4 Be6 5. Bxe6 fxe6 6. d4 g5 7. h4 Be7 8. Nxg5
Bxg5 9. Qh5+ Kd7 10. hxg5 Ne7 11. Bxf4 Qe8 12. Qxe8+ Kxe8 13. Nc3 Kd7 14. O-O-O
Nbc6 15. d5 exd5 16. exd5 Nb4 17. a3 Na6 18. b4 Raf8 19. g3 Nb8 20. Ne4 Ng6 21.
Nf6+ Kd8 22. Nxh7 Rf7 23. Nf6 Rxh1 24. Rxh1 Ke7 25. Re1+ Kf8 26. Re8+ 1-0

[Event "AUTO-MASTER-2625"]
[Site "http://www.queenalice.com/game.php?id=1489487"]
[Date "2017.8.9"]
[Round "1"]
[White "atbn"]
[Black "rybak"]
[Result "1-0"]
[WhiteElo "1993"]
[BlackElo "2126"]

1. e4 e5 2. Nf3 Nc6 3. Bc4 Nf6 4. Nc3 Bc5 5. d3 d6 6. a3 O-O 7. Bg5 Be6 8. Bxe6
fxe6 9. Qd2 Nd4 10. Nxd4 exd4 11. Ne2 e5 12. f4 c6 13. f5 d5 14. O-O-O dxe4 15.
Bxf6 Rxf6 16. dxe4 a5 17. c3 Qc7 18. cxd4 exd4 19. Qd3 Rd8 20. Rd2 b5 21. Rhd1
a4 22. g3 Qe5 23. Nf4 Bb6 24. Ne6 Rd7 25. b4 axb3 26. Qxb3 Kh8 27. Qd3 Ba5 28.
Rc2 Qd6 29. h4 Bc3 30. Rxc3 1-0

[Event "AUTO-MASTER-2625"]
[Site "http://www.queenalice.com/game.php?id=1489488"]
[Date "2017.8.9"]
[Round "1"]
[White "rybak"]
[Black "Constante"]
[Result "1-0"]
[WhiteElo "2016"]
[BlackElo "2137"]

1. d4 Nf6 2. c4 d6 3. Nc3 Nbd7 4. e4 e5 5. d5 Nc5 6. Qc2 a5 7. Bg5 Be7 8. Nf3
O-O 9. Be2 b6 10. O-O Ra7 11. Rfe1 Nxd5 12. cxd5 Bxg5 13. Nb5 Rb7 14. a3 f5 15.
Bd3 f4 16. Be2 Qf6 17. b4 Na6 18. Qc3 Bd7 19. bxa5 bxa5 20. Qxa5 Bxb5 21. Bxb5
Rb6 22. Bxa6 Ra8 23. Qc3 Rbxa6 24. Qxc7 Rxa3 25. Rxa3 Rxa3 26. Qc8+ Qd8 27. Qe6+
Kh8 28. Nxg5 Qa8 29. Nf7+ 1-0

[Event "AUTO-MASTER-2625"]
[Site "http://www.queenalice.com/game.php?id=1489489"]
[Date "2017.8.9"]
[Round "1"]
[White "Constante"]
[Black "rybak"]
[Result "0-1"]
[WhiteElo "2131"]
[BlackElo "2037"]

1. g3 e5 2. Bg2 d5 3. d3 Nc6 4. c3 Nf6 5. Nf3 Bc5 6. b4 Bb6 7. b5 e4 8. bxc6
exf3 9. Bxf3 bxc6 10. c4 Bd4 11. O-O Bxa1 12. Ba3 Bd7 13. Qd2 Bd4 14. Qf4 Ba1
15. e4 Be6 16. Re1 d4 17. e5 Nd7 18. Bxc6 Rb8 19. Bd5 c5 20. Bc6 O-O 21. Bxd7
Qxd7 22. Bxc5 Rfc8 23. Bd6 Rb7 24. Na3 Bc3 25. Rd1 Bb4 26. Nb5 Bc5 27. Qe4 a6
28. Nxd4 Bxd6 29. exd6 Rb6 30. Nxe6 fxe6 31. a4 Rxd6 0-1

[Event "AUTO-MASTER-2633"]
[Site "http://www.queenalice.com/game.php?id=1492567"]
[Date "2017.9.2"]
[Round "1"]
[White "rybak"]
[Black "MackMendes"]
[Result "0-1"]
[WhiteElo "2108"]
[BlackElo "2179"]

1. e4 c5 2. Nf3 d6 3. d4 cxd4 4. Nxd4 e5 5. Bb5+ Bd7 6. Bxd7+ Qxd7 7. Nf5 g6 8.
Ng3 Bg7 9. O-O Nf6 10. b3 O-O 11. Re1 Nc6 12. Nc3 Rac8 13. Ba3 Nd4 14. Re3 Bh6
15. Rd3 Rc6 16. Nd5 Nxd5 17. exd5 Rc7 18. c3 Nb5 0-1

[Event "AUTO-MASTER-2633"]
[Site "http://www.queenalice.com/game.php?id=1492568"]
[Date "2017.9.2"]
[Round "1"]
[White "MackMendes"]
[Black "rybak"]
[Result "1-0"]
[WhiteElo "2169"]
[BlackElo "2118"]

1. d4 d5 2. c4 e6 3. a3 Nf6 4. Nc3 Be7 5. Bf4 O-O 6. Nb5 Bd6 7. Qd2 a6 8. Nxd6
cxd6 9. Bg5 dxc4 10. e4 Nxe4 11. Bxd8 Nxd2 12. Kxd2 Rxd8 13. Bxc4 d5 14. Bd3 Nc6
15. Nf3 Bd7 16. Ke3 Rac8 17. h4 Rc7 18. h5 Rdc8 19. Ng5 h6 20. Nh3 1-0

[Event "AUTO-MASTER-2633"]
[Site "http://www.queenalice.com/game.php?id=1492571"]
[Date "2017.9.2"]
[Round "1"]
[White "rybak"]
[Black "clovis"]
[Result "1-0"]
[WhiteElo "2109"]
[BlackElo "1984"]

1. e4 e5 2. f4 d5 3. exd5 e4 4. Nc3 Nf6 5. d3 Bb4 6. Bd2 O-O 7. Nxe4 Bxd2+ 8.
Qxd2 Re8 9. O-O-O Nxd5 10. Be2 Be6 11. Nf3 c6 12. Nfg5 Nf6 13. Nxe6 Rxe6 14. Bf3
Na6 15. g4 Nxe4 16. Bxe4 Nc5 17. Qe3 Nxe4 18. dxe4 Qe7 19. g5 Rxe4 20. Qd2 Re2
21. Qd4 Re8 22. Qxa7 Qe4 23. Qc5 Qxf4+ 24. Kb1 Qe4 25. b3 g6 26. h4 Re5 27. Qc3
b5 28. Rd8+ Kg7 29. Rdd1 c5 30. a3 b4 31. axb4 cxb4 32. Qc7 Re7 33. Qc4 Qe5 34.
Qxb4 Ra7 35. Qd4 Qxd4 36. Rxd4 Rc7 37. Rc1 Rc3 38. b4 Rh2 39. Rf4 Rch3 40. Rcf1
Rh1 41. Rxh1 Rxh1+ 42. Kb2 Re1 43. b5 1-0

[Event "AUTO-MASTER-2633"]
[Site "http://www.queenalice.com/game.php?id=1492572"]
[Date "2017.9.2"]
[Round "1"]
[White "clovis"]
[Black "rybak"]
[Result "0-1"]
[WhiteElo "2025"]
[BlackElo "2099"]

1. e4 c5 2. Nf3 Nc6 3. d4 cxd4 4. c3 e5 5. Bc4 Nf6 6. O-O Nxe4 7. cxd4 d5 8. Bb5
Bg4 9. dxe5 Bc5 10. h3 Bh5 11. g4 Bg6 12. Be3 Bxe3 13. fxe3 O-O 14. Bxc6 bxc6
15. Nc3 Nxc3 16. bxc3 Rb8 17. Nd4 Qh4 18. Qf3 Be4 19. Nf5 Qg5 20. Qf4 Qd8 21.
Nd6 Qh4 22. Nxe4 dxe4 23. Rab1 g5 24. Qxe4 Qg3+ 25. Qg2 Qxe3+ 26. Qf2 Qxe5 27.
Rxb8 Qxb8 28. Qf6 Qg3+ 29. Kh1 Qxh3+ 30. Kg1 Qxg4+ 31. Kh2 Qh5+ 32. Kg2 Qg4+ 33.
Kh1 Qh5+ 34. Kg2 Re8 0-1

[Event "jandamian"]
[Site "http://www.queenalice.com/game.php?id=1502959"]
[Date "2017.11.10"]
[Round "1"]
[White "rybak"]
[Black "kasker"]
[Result "0-1"]
[WhiteElo "2119"]
[BlackElo "2501"]

1. e4 c6 2. d4 d5 3. Nc3 dxe4 4. f3 exf3 5. Nxf3 Nf6 6. Bc4 Bf5 7. O-O e6 8. Bg5
Be7 9. Nh4 Bxc2 10. Qd2 h6 11. Be3 Bh7 12. Rad1 Nbd7 13. Nf3 O-O 0-1

[Event "AUTO-MASTER-2625"]
[Site "http://www.queenalice.com/game.php?id=1518724"]
[Date "2018.3.7"]
[Round "2"]
[White "punk"]
[Black "rybak"]
[Result "1-0"]
[WhiteElo "2205"]
[BlackElo "2058"]

1. c4 e5 2. Nc3 Nf6 3. g3 Bb4 4. Bg2 O-O 5. Nd5 Nxd5 6. cxd5 d6 7. e4 Nd7 8. Ne2
Nf6 9. O-O Bg4 10. h3 Bh5 11. a3 Bc5 12. b4 Bb6 13. Bb2 1-0

[Event "AUTO-MASTER-2625"]
[Site "http://www.queenalice.com/game.php?id=1518725"]
[Date "2018.3.7"]
[Round "2"]
[White "rybak"]
[Black "punk"]
[Result "0-1"]
[WhiteElo "2048"]
[BlackElo "2208"]

1. e4 c5 2. Nf3 Nc6 3. Bc4 e6 4. Nc3 a6 5. a4 d6 6. d3 Nf6 7. Bg5 Be7 8. O-O O-O
9. Re1 b6 10. Ne2 Ng4 11. Qd2 Bxg5 12. Qxg5 Qxg5 13. Nxg5 h6 0-1